The Marvel Cinematic Universe: Phase 3 - Statistics

General Stats
  • This quiz has been taken 33 times
  • The average score is 10 of 11
Answer Stats
Year Movie % Correct
2019 Avengers: Endgame
96%
2018 Avengers: Infinity War
96%
2018 Black Panther
96%
2018 Ant-Man and The Wasp
89%
2017 Spider-Man: Homecoming
89%
2016 Captain America: Civil War
85%
2017 Guardians of the Galaxy Vol. 2
85%
2017 Thor: Ragnarok
85%
2019 Captain Marvel
81%
2019 Spider-Man: Far From Home
81%
2016 Doctor Strange
78%
No matching quizzes found
Score Distribution
Percent of People with Each Score
Percentile by Number Answered
Your Score History
You have not taken this quiz